000 01331nam a2200337 c 4500
003 BLK
005 20230715125112.0
008 180408b bul|||||r ||||||| ||bul||
010 _aKNG00061168000
040 _aBLK
041 _aBUL
_cBUL
080 _aПериод на феодализма в българските земи (VII век -I пол. на XVIII век)
_b94(497.2)"06/17"
_x
_z94(497.2)"06/17"
100 1 _aМутафчиев, Петър
_eпърви автор
_9287397
700 1 _aГюзелев, Васил
_eпредг. от
_9364362
139 _aМутафчиев, Петър
_bМ 96
245 1 0 _aКнига за българите
_bМоногр.
_cПетър Мутафчиев; предг. от Васил Гюзелев.
257 _aBGR
260 София
_bБАН
_c1987
300 _a204 с., 1 л.
_bпортр.
_c25 см
380 _a9
500 _aРез. на рус., нем. ез. ; Именен и геогр. показалец.
650 4 _aБългария - история, стара
_9274081
653 _aБългария
653 _aистория
852 _aЦб 150116
856 4 _qpdf
_u
856 4 _qpdf
_u
942 _cKNG
_n0
_05
944 _aCR
_c13.06.2004
_k30560
_lГеновева Генчева
944 _aED
_c02.03.2018
_kКети_Илиева
999 _c57176
_d57176